|
|
|
|
| LEADER |
00000nam0a2200000 4500 |
| 001 |
46939 |
| 005 |
20231031025319.0 |
| 010 |
|
|
|a 5040011032
|
| 035 |
|
|
|a (RuTPU)RU\TPU\book\49015
|
| 090 |
|
|
|a 46939
|
| 100 |
|
|
|a 20030129d2003 m y0rusy50 ca
|
| 101 |
0 |
|
|a rus
|
| 102 |
|
|
|a RU
|
| 105 |
|
|
|a a z 000gy
|
| 200 |
1 |
|
|a Метроном-2003
|a Интуиция как опыт рефлексии самоосознания
|e Литературно-эссеистический сборник
|f Е. Созинова, С. Кутолин, В. Герцвольф и др.
|g Международная Академия Наук; Центр Ноосферной Защиты; Под ред. С. А. Кутолина
|
| 210 |
|
|
|a Новосибирск
|c Chem.Lab.NCD
|d 2003
|
| 215 |
|
|
|a 100 с.
|c ил.
|
| 333 |
|
|
|a Исключено из фонда НТБ ТПУ
|
| 675 |
|
|
|a Р2
|v 3
|
| 701 |
|
1 |
|a Созинова
|b Е.
|g Елена
|
| 701 |
|
1 |
|a Кутолин
|b С.
|g Сергей
|
| 701 |
|
1 |
|a Герцвольф
|b В.
|g Виктор
|
| 701 |
|
1 |
|a Князюк
|b Е.
|g Екатерина
|
| 701 |
|
1 |
|a Соколов
|b А.
|g Александр
|
| 701 |
|
1 |
|a Цыганов
|b С.
|g Сергей
|
| 702 |
|
1 |
|a Кутолин
|b С. А.
|g Сергей А.
|4 340
|
| 712 |
0 |
2 |
|a Международная академия наук (МАН)
|b Центр ноосферной защиты им. Н. Д. Зелинского (ЦНЗ)
|c (Москва)
|2 stltpush
|3 (RuTPU)RU\TPU\col\399
|
| 801 |
|
1 |
|a RU
|b 63413507
|c 20030129
|g PSBO
|
| 801 |
|
2 |
|a RU
|b 63413507
|c 20221121
|g PSBO
|
| 942 |
|
|
|c BK
|